LES 15 MEILLEURS PASSEURS DE L'EURO. - Statistiques

Statistiques générales
  • Ce quiz a été pris 42 fois
  • Le résultat moyen est 3 sur 15
Statistiques - réponses
RANG NOM PASSES D % Correct
1 CRISTIANO RONALDO 7
88%
13 ANDRES INIESTA 4
53%
4 CESC FABREGAS 5
29%
5 LUIS FIGO 5
29%
6 DAVID BECKHAM 5
26%
3 KEVIN DE BRUYNE 5
26%
9 DANI OLMO 5
21%
11 DAVID SILVA 4
21%
10 ARJEN ROBBEN 5
15%
7 BASTIAN SCHWEINSTEIGER 5
9%
8 EDEN HAZARD 5
9%
2 KAREL POBORSKY 6
6%
14 JOAO MOUTINHO 4
3%
15 AARON RAMSEY 4
0%
12 STEVEN ZUBER 4
0%
Aucun quiz correspondant
Distribution des résultats
% des personnes avec chaque résultat
Percentile par nombre de réponses
Votre historique - résultats
Vous n’avez pas pris ce quiz